Anuario de estudios americanos /
Gorde:
| Formatua: | Liburua |
|---|---|
| Hizkuntza: | gaztelania |
| Saila: | (Anuarios de Estudios Americanos ;
16) (Publicaciones de la Escuela de Estudios Hispano-Americanos de Sevilla ; 126) |
| Gaiak: | |
| Etiketak: |
Etiketarik gabe, Izan zaitez lehena erregistro honi etiketa jartzen!
|
MARC
| LEADER | 00000nam^a2200000^a^4500 | ||
|---|---|---|---|
| 001 | 000136508 | ||
| 005 | 20250521000000.0 | ||
| 009 | 20260310095322.686 | ||
| 037 | |a Acervo ITESO - Biblioteca | ||
| 041 | |a ESP | ||
| 082 | |a 980. 005 |b ANU 1959 | ||
| 240 | 1 | 1 | |a [Anuario de estudios americanos] |
| 245 | 0 | 0 | |a Anuario de estudios americanos / |
| 264 | |a Sevilla, España : |b Universidad de Sevilla, Escuela de Estudios Hispanoamericanos de Sevilla, |c 1959 | ||
| 300 | |a XI, 743 p. | ||
| 336 | |a texto |b txt |2 rdacontenido | ||
| 337 | |a sin mediación |b n |2 rdamedio | ||
| 338 | |a volumen |b nc |2 rdasoporte | ||
| 440 | 1 | |a (Anuarios de Estudios Americanos ; |v 16) | |
| 440 | 1 | |a (Publicaciones de la Escuela de Estudios Hispano-Americanos de Sevilla ; |v 126) | |
| 649 | |a XX | ||
| 650 | |a Latinoamérica - |x Historia - |x Publicaciones Periódicas | ||
| 650 | |a España - |x Historia - |x Publicaciones Periódicas | ||
| 650 | |a Leyendas Americanas | ||
| 650 | |a Ferias Comerciales - |z Jalapa, Veracruz | ||
| 650 | |a Fuertes - |z Florida, EUA | ||
| 650 | |a Derecho - |z América - |x Historia - |y Siglo XVI | ||
| 650 | |a Política - |z Perú | ||
| 650 | |a Pintura Virreinal - |z Querétaro | ||
| 650 | |a Pintura Mexicana | ||
| 650 | |a Arte Virreinal - |x Historia y Crítica | ||
| 650 | |a Arte Mexicano - |x Historia y Crítica | ||
| 650 | |a Perú - |x Historia - |y Epoca Colonial, 1542-1824 | ||
| 650 | |a América - |x Historia - |x Bibliografías | ||
| 910 | |a Fondo Salvador Reynoso Reynoso | ||
| 920 | |a Impresos - Libros | ||
| 930 | |a Fondos Especiales | ||
| 905 | |a 112 | ||
| 901 | |a 0800013802 |b IT2 |c ESP |u 20250521 | ||
| 902 | |a https://opac.biblio.iteso.mx/vufind/Record/000136508 | ||